La Cultura no es una autopista, los museos podrían ser jardines : (Record no. 137407)

MARC details
000 -CABECERA
campo de control de longitud fija 02103nam a22003374i 4500
001 - NÚMERO DE CONTROL
campo de control 991061103797306706
003 - IDENTIFICADOR DEL NÚMERO DE CONTROL
campo de control ES-BaIT
005 - FECHA Y HORA DE LA ÚLTIMA TRANSACCIÓN
campo de control 20260424141506.0
008 - DATOS DE LONGITUD FIJA--INFORMACIÓN GENERAL
campo de control de longitud fija 240326e202401 spca|||| |||| 000 0 spa|c
020 ## - NÚMERO INTERNACIONAL ESTÁNDAR DEL LIBRO
Número Internacional Estándar del Libro 9788412802023
040 ## - FUENTE DE LA CATALOGACIÓN
Centro catalogador/agencia de origen ES-BaMCB
Lengua de catalogación cat
Normas de descripción rda
Centro/agencia transcriptor ES-BaMCB
080 ## - NÚMERO DE LA CLASIFICACIÓN DECIMAL UNIVERSAL
Número de la Clasificación Decimal Universal 069.01
100 1# - ENTRADA PRINCIPAL--NOMBRE DE PERSONA
Nombre de persona Egaña, Lucía,
Fechas asociadas al nombre 1979-
Término indicativo de función/relación autor
9 (RLIN) 169317
245 13 - MENCIÓN DE TÍTULO
Título La Cultura no es una autopista, los museos podrían ser jardines :
Resto del título toma de decisiones y distribución de recursos en el ámbito de la producción artística y cultural /
Mención de responsabilidad, etc. Lucía Egaña Rojas y Giuliana Racco
264 #1 - PRODUCCIÓN, PUBLICACIÓN, DISTRIBUCIÓN, FABRICACIÓN Y COPYRIGHT
Producción, publicación, distribución, fabricación y copyright Barcelona :
Nombre del de productor, editor, distribuidor, fabricante Lucía Egaña Rojas y Giuliana Racco,
Fecha de producción, publicación, distribución, fabricación o copyright enero 2024
300 ## - DESCRIPCIÓN FÍSICA
Extensión 166 pàgines :
Otras características físicas il·lustracions ;
Dimensiones 18 cm
336 ## - TIPO DE CONTENIDO
Término de tipo de contenido text
Código de tipo de contenido txt
Fuente rdacontent
336 ## - TIPO DE CONTENIDO
Término de tipo de contenido imatge fixa
Código de tipo de contenido sti
Fuente rdacontent
337 ## - TIPO DE MEDIO
Nombre/término del tipo de medio sense mediació
Código del tipo de medio n
Fuente rdamedia
338 ## - TIPO DE SOPORTE
Nombre/término del tipo de soporte volum
Código del tipo de soporte nc
Fuente rdacarrier
504 ## - NOTA DE BIBLIOGRAFÍA, ETC.
Nota de bibliografía, etc. Bibliografia: pàgines 162-165
520 ## - SUMARIO, ETC.
Sumario, etc. "Este libro explora estructuras institucionales, especialmente relacionadas con la toma de decisiones en el ámbito de la producción cultural y artística y la distribución de recursos. Examinamos los diferentes ejes de discriminación basados en el origen, la raza, el género, la orientación sexual y la discapacidad, y buscamos crear herramientas y sugerencias para contribuir a un acceso equitativo a los recursos para la producción cultural y artística, así como diversificar los programas culturales creados. Al mismo tiempo, hemos buscado mecanismos para garantizar la inclusión de artistas y trabajadores culturales que “representen la diversidad” no sólo hacia afuera, sino también en las estructuras internas, en los lugares de máximo poder y de toma de decisiones del sector cultural." -- Lucía Egaña
650 #0 - PUNTO DE ACCESO ADICIONAL DE MATERIA--TÉRMINO DE MATERIA
Término de materia o nombre geográfico como elemento de entrada Museus
Subdivisión general Aspectes socials
Fuente del encabezamiento o término lemac
9 (RLIN) 120513
650 #0 - PUNTO DE ACCESO ADICIONAL DE MATERIA--TÉRMINO DE MATERIA
Término de materia o nombre geográfico como elemento de entrada Postcolonialisme
Fuente del encabezamiento o término lemac
9 (RLIN) 121452
650 #7 - PUNTO DE ACCESO ADICIONAL DE MATERIA--TÉRMINO DE MATERIA
Término de materia o nombre geográfico como elemento de entrada Art i societat
Fuente del encabezamiento o término lemac
9 (RLIN) 56229
650 #0 - PUNTO DE ACCESO ADICIONAL DE MATERIA--TÉRMINO DE MATERIA
Término de materia o nombre geográfico como elemento de entrada Racisme en l'art
Fuente del encabezamiento o término lemac
9 (RLIN) 169318
700 1# - ENTRADA AGREGADA--NOMBRE PERSONAL
Nombre de persona Racco, Giuliana,
Fechas asociadas al nombre 1976-
Término indicativo de función/relación autor
9 (RLIN) 169319
908 ## - COLOCAR PARÁMETRO DE COMANDO (RLIN)
Colocar parámetro de comando MACBA
-- GCCult
-- ESMUC
-- CDMAE
940 ## - EQUIVALENCIA O REFERENCIA-CRUZADA--TÍTULO UNIFORME [OBSOLETO] [solamente CAN/MARC]
Título uniforme <a href="MACBA">MACBA</a>
942 ## - ELEMENTOS DE ENTRADA AGREGADA (KOHA)
Fuente del sistema de clasificación o colocación Clasificación decimal universal
Tipo de ítem Koha Llibre
Holdings
Estado de retiro Estado de pérdida Fuente del sistema de clasificación o colocación Estado dañado No para préstamo Localización permanente Ubicación/localización actual Ubicación en estantería Fecha de adquisición Fuente de adquisición Total de préstamos Signatura topográfica completa Código de barras Fecha visto por última vez Precio válido a partir de Tipo de ítem Koha
    Clasificación decimal universal     Biblioteca Barcelona Biblioteca Barcelona BCN Lliure Accés 24/04/2026 Compra   069 EGA 1900090062 24/04/2026 24/04/2026 Llibre

Powered by Koha